Manatees / (Record no. 575)

MARC details
000 -LEADER
fixed length control field 00849cam a22002654a 4500
005 - DATE AND TIME OF LATEST TRANSACTION
control field 20230616144325.0
020 ## - INTERNATIONAL STANDARD BOOK NUMBER
International Standard Book Number 0736816577
040 ## - CATALOGING SOURCE
Original cataloging agency DLC
Transcribing agency DLC
Modifying agency DLC
Language of cataloging eng
050 00 - LIBRARY OF CONGRESS CALL NUMBER
Classification number QL737.S63
Item number R87 2003
082 00 - DEWEY DECIMAL CLASSIFICATION NUMBER
Classification number 599.55
Edition number 21
100 1# - MAIN ENTRY--PERSONAL NAME
Personal name Rustad, Martha E. H.
Fuller form of name (Martha Elizabeth Hillman),
Dates associated with a name 1975-
245 10 - TITLE STATEMENT
Title Manatees /
Statement of responsibility, etc. by Martha E.H. Rustad.
260 ## - PUBLICATION, DISTRIBUTION, ETC.
Place of publication, distribution, etc. Mankato :
Name of publisher, distributor, etc. Pebble Books.
Date of publication, distribution, etc. 2003.
300 ## - PHYSICAL DESCRIPTION
Extent 24 pages :
Other physical details color illustrations ;
Dimensions 19 cm.
505 ## - FORMATTED CONTENTS NOTE
Formatted contents note K
520 ## - SUMMARY, ETC.
Summary, etc. Simple text and photographs describe the physical characteristics and behavior of manatees.
521 ## - TARGET AUDIENCE NOTE
Target audience note 550 <br/>
Source Lexile
521 ## - TARGET AUDIENCE NOTE
Target audience note K <br/>
Source Raz-Plus
650 #0 - SUBJECT ADDED ENTRY--TOPICAL TERM
Topical term or geographic name entry element Manatees
Form subdivision Juvenile literature.
650 #1 - SUBJECT ADDED ENTRY--TOPICAL TERM
Topical term or geographic name entry element Manatees.
906 ## - LOCAL DATA ELEMENT F, LDF (RLIN)
a 7
b cbc
c orignew
d 1
e ecip
f 20
g y-gencatlg
942 ## - ADDED ENTRY ELEMENTS (KOHA)
Source of classification or shelving scheme Dewey Decimal Classification
Koha item type Books
Suppress in OPAC No
999 ## -
-- 575
-- 575
Holdings
Withdrawn status Lost status Source of classification or shelving scheme Damaged status Not for loan Collection Home library Current library Shelving location Date acquired Total Checkouts Full call number Barcode Date last seen Date last checked out Price effective from Koha item type
    Dewey Decimal Classification     Non-Fiction Footprints International School Library Network Toul Kork Campus Footprints International School Library Network Toul Kork Campus TK Primary Library Room(4th Floor), Bookcase 3&4, Shelves 17-32, Yellow Books 06/16/2023 3 RUS 599.5.5 Ql737.S FISTK03241 02/02/2024 01/19/2024 06/16/2023 Books